| 000 | 00633nam a2200205 i 4500 | ||
|---|---|---|---|
| 001 | 164992 | ||
| 003 | ES-MaACL | ||
| 005 | 20250911062843.0 | ||
| 008 | 180723s1977 sp |||| | spa d | ||
| 020 | _a84-7053-174-3 | ||
| 080 | _a821.134.2-14"19" | ||
| 100 | 1 |
_aBrines, Francisco, _d1932-2021 _931751 |
|
| 245 | 1 | 0 |
_aInsistencias en Luzbel / _cFrancisco Brines. |
| 260 |
_aMadrid : _bVisor, _c1977. |
||
| 300 |
_a87 p. ; _c19 cm. |
||
| 490 | 1 |
_aColección Visor de poesía ; _v74 |
|
| 830 | 0 |
_aColección Visor de poesía _v74 _9177331 |
|
| 852 |
_aES-MaACL _jL-32116 _z. - Donat. Amadeo Aláez Rojo |
||
| 999 |
_c164992 _d164992 |
||